[Event "Barra de Sao Miguel op"]
[Site "Barra de Sao Miguel"]
[Date "2019.10.13"]
[Round "7"]
[White "Dos Santos, Alexandre Silva"]
[Black "Barbosa, Laura Sophia Gomes"]
[Result "1-0"]
[WhiteElo "1752"]
[BlackElo "1716"]
[PlyCount "57"]
[EventDate "2019.10.10"]
[EventType "swiss"]
[EventRounds "7"]
[EventCountry "BRA"]
[SourceTitle "CBM 192 Extra"]
[Source "Chessbase"]
[SourceDate "2019.11.06"]
[SourceVersion "1"]
[SourceVersionDate "2019.11.06"]
[SourceQuality "1"]

1. e4 e5 2. Nc3 Nc6 3. f4 d6 4. Nf3 Nf6 5. Bc4 Be7 6. d3 Be6 7. Bxe6 fxe6 8. Be3 exf4 9. Bxf4 d5 10. Nb5 Bd6 11. Nxd6+ cxd6 12. d4 dxe4 13. Ng5 Qe7 14. Qe2 h6 15. Nxe4 d5 16. Nd6+ Kd8 17. 0-0-0 g5 18. Bg3 h5 19. Nb5 a6 20. Nc7 Ra7 21. Nxe6+ Kd7 22. Nc5+ Kd8 23. Qxe7+ Nxe7 24. Rde1 b6 25. Ne6+ Kd7 26. Rhf1 Neg8 27. Nf8+ Kd8 28. b3 Ne7 29. Rxf6 1-0